01332nam a2200277 a 450000100100000000500170001000800410002702000180006804000250008608200200011110000320013124500830016326000350024630000210028150000570030259000270035965000290038665000310041570000460044691000370049295201330052995201330066295201180079595201240091399900170103700003787720241130074013.0130307s2012 dr 000 j spa d a9789945006223 aDO-SdBNPbspacBNPHU aRD863.44bP397L1 aPeña Nina, Domingo91912110aLaberinto de ilusiones /cDomingo Peña Nina ; prólogo Odalís G. Pérez. aSanto Domingo :bP.E.N,c2012. a178 P. ;c24 cm. aIncluye datos biográficos del autor en las solapas aInventariado, 2020/MAA 0aCuentos dominicanos9176 0aLiteratura dominicana.96712aPérez, Odalís d1952-epról.923828 aValidado. Control de calidad MFF 001054708DSaGRbGRcHDd2013-03-07iLF1l0oRD863.44 P397Lp37877-30r2020-06-25te. 3w2020-06-25yLFDSZPréstamo en sala 001054708DSaGRbGRcHDd2015-04-17iLF1l0oRD863.44 P397Lp37877-40r2020-06-25te. 4w2020-06-25yLFDSZPréstamo en sala 0010718PDaPDbPDcHDd2013-03-07iLF1l0oRD863.44 P397Lp37877-10r2020-06-25w2020-06-25yLFPDZNo se presta 0010718PDaPDbPDcHDd2013-03-07iLF1l0oRD863.44 P397Lp37877-20r2020-06-25te. 2w2020-06-25yLFPDZNo se presta c37367d37367